Catálogo - Centro de Recursos para el Aprendizaje y la Investigación
Volver al Sitio - CRAI Biblioteca| 000 -CABECERA | |
|---|---|
| campo de control de longitud fija | 02663nam a2200277 4500 |
| 001 - NÚMERO DE CONTROL | |
| campo de control | 113675 |
| 003 - IDENTIFICADOR DEL NÚMERO DE CONTROL | |
| campo de control | DR-UNIBE |
| 005 - FECHA Y HORA DE LA ÚLTIMA TRANSACCIÓN | |
| campo de control | 20250604100322.0 |
| 008 - DATOS DE LONGITUD FIJA--INFORMACIÓN GENERAL | |
| campo de control de longitud fija | 250526b1984 dr ||||| |||| 00| 0 spa d |
| 040 ## - FUENTE DE LA CATALOGACIÓN | |
| Centro catalogador/agencia de origen | BIBLIOTECA UNIBE |
| Centro/agencia transcriptor | BIBLIOTECA UNIBE |
| Lengua de catalogación | spa |
| Normas de descripción | rda |
| 041 ## - CÓDIGO DE LENGUA | |
| Código de lengua del texto/banda sonora o título independiente | spa |
| 082 ## - NÚMERO DE LA CLASIFICACIÓN DECIMAL DEWEY | |
| Número de edición | 22 |
| Número de clasificación | RD 972.93053 E79 1984 |
| 245 14 - MENCIÓN DE TÍTULO | |
| Título | Los Estados Unidos y Trujillo : |
| Resto del título | colección de documentos del Departamento de Estado y de las Fuerzas Armadas norteamericanas : año 1947 / |
| Mención de responsabilidad, etc. | edición: Bernardo Vega ; edición al cuidado de Soledad Alvarez ; composición y diagramación: Ninón León de Saleme ; índice onomástico: José Alcántara Almánzar |
| 260 ## - PUBLICACIÓN, DISTRIBUCIÓN, ETC. | |
| Lugar de publicación, distribución, etc. | Santo Domingo : |
| Nombre del editor, distribuidor, etc. | Fundación Cultural Dominicana, |
| Fecha de publicación, distribución, etc. | 1984 |
| 300 ## - DESCRIPCIÓN FÍSICA | |
| Extensión | 2 tomos : |
| Otras características físicas | fotos en b/n : |
| Dimensiones | 26 x 19 cm |
| 505 ## - NOTA DE CONTENIDO CON FORMATO | |
| Nota de contenido con formato | Tomo I.<br/> Introducción a los tomos correspondientes a 1946 (Lic. Bernardo Vega) |<br/>Cronología de acontecimientos |<br/>Algunos personajes mencionados en los documentos |<br/>Fotografías de los personajes |<br/>Análisis de la política norteamericana para América Latina y la República Dominicana en 1947 (Lic. Bernardo Vega) |<br/>La estrategia de Trujillo para detener la expedición de Cayo Confites (Lic. Bernardo Vega) |<br/>El papel de los veteranos de guerra norteamericanos en los conflictos del Caribe en 1947 (Lic. Bernardo Vega) |<br/>La supuesta eficiencia de los servicios de inteligencia de Trujillo con relación a Cayo Confites (Lic. Bernardo Vega) |<br/>Los complots de Trujillo contra Betancourt y Grau en 1946-7 (Lic. Bernardo Vega) |<br/>Las armas brasileñas (Lic. Bernardo Vega) |<br/>Apéndice: diarios y reportajes generales sobre Cayo Confites |<br/>Índice de abreviaturas utilizadas |<br/>Bibliografía sobre el tema de Cayo Confites |<br/>Índice de los documentos norteamericanos correspondientes a 1947 |<br/>Índice de los documentos dominicanos correspondientes a 1947 |<br/>Reproducción de los documentos del año 1947.<br/>Tomo II.<br/>Reproducción de los documentos del año 1947 |<br/>Índice onomástico |
| Información miscelánea | |
| 651 #7 - PUNTO DE ACCESO ADICIONAL DE MATERIA--NOMBRE GEOGRÁFICO | |
| Fuente del encabezamiento o término | lemb |
| Nombre geográfico | República Dominicana |
| Subdivisión general | Política y gobierno |
| Subdivisión cronológica | 1844-1930 |
| Subdivisión de forma | Fuentes |
| 9 (RLIN) | 195900 |
| 651 #7 - PUNTO DE ACCESO ADICIONAL DE MATERIA--NOMBRE GEOGRÁFICO | |
| Fuente del encabezamiento o término | lemb |
| Nombre geográfico | República Dominicana |
| Subdivisión general | Historia |
| Subdivisión cronológica | 1930 -1961 |
| 9 (RLIN) | 193875 |
| 651 #7 - PUNTO DE ACCESO ADICIONAL DE MATERIA--NOMBRE GEOGRÁFICO | |
| Fuente del encabezamiento o término | lemb |
| Nombre geográfico | Estados Unidos |
| Subdivisión general | Relaciones exteriores |
| Subdivisión geográfica | República Dominicana |
| Subdivisión de forma | Fuentes |
| 9 (RLIN) | 195889 |
| 651 #7 - PUNTO DE ACCESO ADICIONAL DE MATERIA--NOMBRE GEOGRÁFICO | |
| Fuente del encabezamiento o término | lemb |
| Nombre geográfico | República Dominicana |
| Subdivisión general | Relaciones exteriores |
| Subdivisión geográfica | Estados Unidos |
| Subdivisión de forma | Fuentes |
| 9 (RLIN) | 195895 |
| 700 10 - PUNTO DE ACCESO ADICIONAL--NOMBRE DE PERSONA | |
| Nombre de persona | Vega, Bernardo, |
| Fechas asociadas al nombre | 1938- |
| 9 (RLIN) | 1421 |
| Término indicativo de función/relación | editor |
| 700 10 - PUNTO DE ACCESO ADICIONAL--NOMBRE DE PERSONA | |
| Nombre de persona | Álvarez, Soledad, |
| Fechas asociadas al nombre | 1950- |
| 9 (RLIN) | 28264 |
| Término indicativo de función/relación | cuidado de la edición |
| 700 10 - PUNTO DE ACCESO ADICIONAL--NOMBRE DE PERSONA | |
| Nombre de persona | León de Saleme, Ninón |
| 9 (RLIN) | 144875 |
| Término indicativo de función/relación | diagramación |
| -- | composición |
| 700 10 - PUNTO DE ACCESO ADICIONAL--NOMBRE DE PERSONA | |
| Nombre de persona | Alcántara Almánzar, José, |
| Fechas asociadas al nombre | 1946- |
| 9 (RLIN) | 4696 |
| Término indicativo de función/relación | índice onomástico |
| 942 ## - ELEMENTOS DE PUNTO DE ACCESO ADICIONAL (KOHA) | |
| Fuente del sistema de clasificación o colocación | Sistema de Clasificación Decimal Dewey |
| Tipo de ítem Koha | Libro (general) |
| Estado de retiro | Estado de pérdida | Fuente del sistema de clasificación o colocación | No para préstamo | Código de colección | Localización permanente | Fecha de adquisición | Total de préstamos | Signatura topográfica completa | Código de barras | Fecha visto por última vez | Número de copia | Precio válido a partir de | Tipo de ítem Koha |
|---|---|---|---|---|---|---|---|---|---|---|---|---|---|
| Disponible | Sistema de Clasificación Decimal Dewey | General - Libros dominicanos | Biblioteca Central UNIBE | 08/04/2025 | RD 972.93053 E79 1984 | 250635 | 26/05/2025 | T.I, Ej.1 | 26/05/2025 | Libro (general) | |||
| Disponible | Sistema de Clasificación Decimal Dewey | General - Libros dominicanos | Biblioteca Central UNIBE | 08/04/2025 | RD 972.93053 E79 1984 | 250636 | 26/05/2025 | T.II, Ej.1 | 26/05/2025 | Libro (general) |